Statistics for Top 12 Washington Wizards Players

Click here to take the quiz!

General Stats

  • This quiz has been taken 82 times
    (69 since last reset)
  • The average score is 5 of 12

Answer Stats

RankPlayerWin Share% Correct
6John Wall44.3
96%
5Bradley Beal47.4
95%
1Wes Unseld110.1
82%
2Elvin Hayes80.0
77%
7Gilbert Arenas41.5
75%
8Antawn Jamison41.4
37%
11Gus Johnson36.0
26%
3Walt Bellamy57.0
21%
10Phil Chenier39.3
14%
12Brendan Haywood35.8
9%
4Greg Ballard48.6
4%
9Jack Marin41.3
2%

Score Distribution

Percentile by Number Answered

Percent of People with Each Score

Your Score History

You have not taken this quiz since the last reset